The wrong word dictionary : (Record no. 79242)

MARC details
000 -LEADER
fixed length control field 00677nam a22002057a 4500
005 - DATE AND TIME OF LATEST TRANSACTION
control field 20131007110307.0
010 ## - LCCN (DPL NO)
LC control number ENG-108494
020 ## - INTERNATIONAL STANDARD BOOK NUMBER
International Standard Book Number 9788192543147
Terms of availability 350.00
035 ## - SYSTEM CONTROL NUMBER
System control number EN-92027
037 ## - SOURCE OF ACQUISITION
Source of stock number/acquisition DBAD/PUB
082 ## - DEWEY DECIMAL CLASSIFICATION NUMBER
Classification number 423.1
100 ## - MAIN ENTRY--PERSONAL NAME
Personal name Dowling, Dave
245 ## - TITLE STATEMENT
Title The wrong word dictionary :
Statement of responsibility, etc by Dave Dowling
Remainder of title 2500 most commonly confused words /
250 ## - EDITION STATEMENT
Edition statement 2nd ed
260 ## - PUBLICATION, DISTRIBUTION, ETC. (IMPRINT)
Place of publication, distribution, etc Greater Noida
Name of publisher, distributor, etc eVookz Learning Solutions
Date of publication, distribution, etc 2010
270 ## - ADDRESS
Address 10, Parshwanath Edens, Sector, Alpha-11
City Greater Noida, Uttar Pradesh
Postal code 110063
300 ## - PHYSICAL DESCRIPTION
Extent viii,263p.
Dimensions 20cm(Hb)
500 ## - GENERAL NOTE
General note Includes bibliographical references
942 ## - ADDED ENTRY ELEMENTS (KOHA)
Source of classification or shelving scheme Dewey Decimal Classification
Item type English Books
Call number suffix DOW
Classification part 423.1
Holdings
Withdrawn status Lost status Not for loan Collection code Home library Current library Date acquired Source of acquisition Cost, normal purchase price Full call number Barcode Copy number Cost, replacement price Koha item type
    Not For Loan Non-fiction D.B.Act.Division D.B.Act.Division 10/09/2013 DBAD/PUB 350.00 423.1 DOW EN-92027 1 350.00 English Books

© Delhi Public Library
Hit Counter
free hit counter